| 000 | 00923cam a2200277 a 4500 | ||
|---|---|---|---|
| 003 | CO-ViMGA | ||
| 005 | 20230915233555.0 | ||
| 008 | 030913s2003 ck r 00011dspa d | ||
| 020 | _a9580469105 | ||
| 040 |
_aCO-ViMGA _bspa _cCO-ViMGA |
||
| 043 | _as-uy--- | ||
| 082 | 0 | 4 |
_aU863.5 _bQ847h _219 ed. |
| 100 | 1 |
_aQuiroga, Horacio, _d1878-1937. _92995 |
|
| 245 | 1 | 3 |
_aEl Hombre muerto / _cHoracio Quiroga. |
| 250 | _aEditor Iván Hernández Arbelaéz. | ||
| 260 |
_aBogotá : _bGrupo Editorial Norma, _c2002. |
||
| 300 |
_a134, 73 p. ; _c21 cm. |
||
| 490 | _aColeccion Cara y Cruz | ||
| 500 | _aIncluye cronología. | ||
| 501 | _aCon : Horacio Quiroga : vida y obra. | ||
| 600 | 1 | 6 |
_aQuiroga, Horacio, _d1878-1937 _x Crítica e interpretación. _911574 |
| 650 | 1 | 4 |
_aMuerte _v Novela. _92323 |
| 650 | 1 | 4 |
_aNovela uruguaya. _97075 |
| 700 | 1 |
_aHernández Arbeláez, Iván, _d1928-, _eed. _911575 |
|
| 942 |
_2ddc _cBK |
||
| 999 |
_c36920 _d36920 |
||